Statistics for Alex's General Knowledge Quiz #2

Click here to take the quiz!

General Stats

  • This quiz has been taken 38 times
  • The average score is 12 of 30

Answer Stats

HintAnswer% Correct
Country Located Inside Rome, ItalyVatican City
92%
Painter of the Mona LisaLeonardo Da Vinci
86%
Number of World Cups Won by UruguayTwo
86%
Write of Animal Farm and Nineteen Eighty- FourGeorge Orwell
81%
Capital City of North KoreaPyongyang
75%
Real Name of BatmanBruce Wayne
72%
Nationality of Tom BradyAmerican
69%
Event that Killed James DeanCar Accident
67%
Location of the Liberty BellPhiladelphia
67%
Canada's 23rd Prime MinisterJustin Trudeau
56%
Mardi Gras' English TranslationFat Tuesday
50%
Michael Jackson's Record Label (1969)Motown
50%
Number of Stanley Cups won by the Montreal Canadiens24
36%
Jersey Number of Jackie Robinson42
33%
2004 World Series ChampionsBoston Red Sox
31%
Stadium of the Chicago CubsWrigley Field
31%
Band that Preformed the Song "Who Let The Dogs Out"Baha Men
28%
Most Subscribed YoutuberPewDiePie
25%
Who Preformed the One-Hit Wonder song "The Thong Song" (2000)Sisqo
25%
TV Network Famous for Shows like Toddlers and TiarasTLC
25%
Movie Inspired by Guy FawkesV for Vendetta
22%
Hervey Dent's Occupation Before Becoming Two-FaceDistrict Attorney
19%
Director of "The Breakfast Club"John Hughes
19%
Makers of the Video Game "Fallout 4"Bethesda
11%
Current Jersey Sponsor of Juventus F.C.Jeep
11%
Car Brand Discontinued by Mercedes in 2013Maybach
11%
Name of the Dutch half of the Island of Saint MartinSint Maarten
11%
Company Bought by Microsoft in 2011Skype
11%
Winner of the Best New Artist Grammy (1980)Christopher Cross
8%
2014 NASCAR Nationwide Series ChampionChase Elliott
3%

Score Distribution

Percentile by Number Answered

Percent of People with Each Score

Your Score History

You have not taken this quiz